Datum a čas kvízu
23
Celkem bodů
Celkový počet nahraných bodů na tomto kvízu bez doplňovacích otázek.
10.
Pořadí na kvízu
Konečné umístění týmu na tomto kvízu.
Zaznamenané odpovědi
| # | Otázka | Odpověď | Body | Výsledky |
|---|---|---|---|---|
| 1. | V úterý zaměstnalo policejní o... | Helena Válková; ANO | 0 | |
| 2. | Úterní předčasné parlamentní v... | Grónsko | 1 | |
| 3. | Režisérka a herečka Greta Gerw... | Letopisy Narnie | 0 | |
| 4. | Minulý týden jsme se dozvěděli... | Okay | 0 | |
| 5. | Čeští reprezentanti porazili v... | futsal | 1 | |
| 6. | V příštích pěti otázkách vždy... | D | 0 | |
| 7. | V době, kdy Lyndon B. Johnson... | Tokio, Mexico City | 0 | |
| 8. | Co nemohl během svého působení... | B | 0 | |
| 9. | Ze kterého města pocházel tým,... | Zlín | 0 | |
| 10. | O které z těchto událostí se z... | D | 0 |